00605nam a2200205Ia 4500008004100000040001900041041001200060082002500072100001000097245005500107260002500162300002500187504001900212650000800231700001900239850001800258942000700276999001700283952009900300131103s9999 xx 000 0 und d aLoreto College aEnglish aMIS/PARbLCBED/10671 aDerek aHow do you know who you are?cDerek & Julia Parker aU.S.A.bThamesc1980 a192p.b ill.c 23cm. aIncludes index aMis aParker, Julia  aLCBED/MIS/PAR cBK c34532d85011 00104070aMAINbMAINd2013-11-04l0oMIS/PAR LCBED/10671pB37389r2013-11-04w2013-11-04yBK